Judicir̀io do Brasil Propostas /

Detalles Bibliográficos
Autor principal: Marques, Luiz Guilherme
Formato: eBook
Lenguaje:portugués
Publicado: San Pablo: Letras Jurídicas Editora, 2013
Materias:
Acceso en línea:Acceso restringido

MARC

LEADER 00000nam a22000007a 4500
005 20210105003954.0
007 cr|||| ||||
008 210105s2013 br |||||s|||| 00||0 por d
020 |a 978-85-8248-024-3 
035 |a 32495 
040 |a vLex 
090 |c 11053  |d 11053 
100 1 |a Marques, Luiz Guilherme 
245 1 0 |a Judicir̀io do Brasil  |h [Recurso electrn̤ico] :  |b Propostas /  |c Luiz Guilherme Marques 
256 |a Servicio en ln̕ea 
260 |a San Pablo:  |b Letras Jurídicas Editora,  |c 2013 
300 |a 1 recurso electrn̤ico 
500 |a 245 (Duzentos e quarenta e cinco) artigos sobre propostas que poderô contribuir para a melhoria do judicir̀io brasileiro. Confira!!! 
506 1 |a Disponible solo en los productos indicados  |d vLex Global  |d vLex Global (Academic Edition, excluding Law Schools)  |d vLex Global (U.S. Academic Edition, Law Schools)  |d vLex Global (U.S. Academic Edition, excluding Law Schools)  |d vLex Global (Academic Edition, Law Schools) 
650 0 4 |a Derecho Pb︢lico y Administrativo  |z Brasil 
740 0 |a vLex Libros (Servicio en ln̕ea) 
856 4 0 |u http://vlex.com/source/judiciario-do-brasil-propostas-32495  |z Acceso restringido 
942 |c BOOK 
999 0 |a Public and Administrative Law